[Event "13sen.WMH 2003 Senioren"]
[Site "Bad Zwischenahn(17.11.-29.11.2003)"]
[Date "2003.11.29"]
[Round "2.113"]
[White "Springer, Artur"]
[Black "Daitche, Josef"]
[Result "1-0"]
[WhiteElo "1832"]
[BlackElo "1649"]
[PlyCount "61"]


1. d4 Nf6 2. c4 d6 3. g3 g6 4. Bg2 Bg7 5. Nf3 O-O 6. O-O Nbd7 7. Nc3 c5 8. d5
Ng4 9. e4 Nge5 10. Nxe5 Nxe5 11. Qe2 a6 12. h3 f5 13. f4 Nf7 14. Kh2 b6 15. Bd2
Ra7 16. Nd1 Qd7 17. Bc3 Nh6 18. Bxg7 Kxg7 19. e5 b5 20. b3 b4 21. Nb2 Kg8 22.
Rae1 Qd8 23. Rf3 Kf7 24. Nd3 a5 25. Nb2 Kg8 26. Re3 Kf7 27. Na4 Rb7 28. Bf3 Ng8
29. Qg2 Bd7 30. e6+ Bxe6 31. dxe6+ 1-0

[Event "13sen.WMH 2003 Senioren"]
[Site "Bad Zwischenahn(17.11.-29.11.2003)"]
[Date "2003.11.29"]
[Round "2.114"]
[White "Glende, Siegfried"]
[Black "Iken, Meindert"]
[Result "1-0"]
[WhiteElo "1763"]
[BlackElo "1476"]
[PlyCount "77"]


1. c4 e5 2. Nc3 Nc6 3. g3 Nf6 4. Bg2 Bc5 5. h3 O-O 6. d3 h6 7. e4 a6 8. Nge2
Nd4 9. Nxd4 Bxd4 10. Ne2 d6 11. O-O Nh7 12. Kh2 Bb6 13. f4 exf4 14. Nxf4 Bd4
15. Rb1 c6 16. b3 Ng5 17. Ne2 Bb6 18. g4 Nh7 19. Bb2 Bxg4 20. Qd2 Qd7 21. Qc3
f6 22. Rbe1 Rf7 23. d4 Bc7 24. d5 c5 25. Nf4 Nf8 26. Bh1 Bxh3 27. Nxh3 Ng6 28.
Qd3 Ne5 29. Bxe5 dxe5 30. Qf3 Raf8 31. Qf5 Qd8 32. a4 Ba5 33. Re3 Qb6 34. Rd3
Qd6 35. Rdf3 Bd8 36. Nf2 Qd7 37. Qg6 Qc7 38. Ng4 Qb6 39. Nxh6+ 1-0

[Event "13sen.WMH 2003 Senioren"]
[Site "Bad Zwischenahn(17.11.-29.11.2003)"]
[Date "2003.11.29"]
[Round "2.115"]
[White "Plassmann, Florenz"]
[Black "Schwagrowski, Bernd"]
[Result "1-0"]
[WhiteElo "1862"]
[BlackElo "1425"]
[PlyCount "67"]


1. Nf3 Nf6 2. c4 g6 3. Nc3 Nc6 4. d4 d6 5. Bf4 Bg7 6. Qd2 O-O 7. e4 Bg4 8. Be2
Re8 9. d5 Bxf3 10. Bxf3 Nb8 11. O-O-O Nbd7 12. h3 Nc5 13. Bh6 c6 14. h4 Qa5 15.
Kb1 cxd5 16. exd5 a6 17. h5 Nfe4 18. Nxe4 Qxd2 19. Bxd2 Nd3 20. Bc3 Bxc3 21.
Rxd3 Be5 22. Rb3 Rab8 23. hxg6 fxg6 24. Ng5 h5 25. Ne6 Kf7 26. Be4 Bf6 27. g4
h4 28. g5 Rh8 29. Rbh3 Bxg5 30. Nxg5+ Kf6 31. f4 b5 32. Rxh4 Rxh4 33. Rxh4 bxc4
34. Rh7 1-0

[Event "13sen.WMH 2003 Senioren"]
[Site "Bad Zwischenahn(17.11.-29.11.2003)"]
[Date "2003.11.29"]
[Round "2.116"]
[White "Bodinger, Karl"]
[Black "Fritsch, Juergen,Dr."]
[Result "0-1"]
[WhiteElo "1394"]
[BlackElo "1851"]
[PlyCount "54"]


1. e4 e5 2. Nf3 Nc6 3. Bb5 Nge7 4. c3 a6 5. Ba4 g6 6. O-O Bg7 7. Re1 O-O 8. h3
d6 9. d4 h6 10. a3 Kh7 11. Bc2 Ng8 12. d5 Nce7 13. g4 g5 14. Nbd2 Ng6 15. Nf1
Nf4 16. Kh2 Qf6 17. c4 Ne7 18. Ng3 Rh8 19. a4 Kg8 20. Be3 Neg6 21. Ng1 h5 22.
Nxh5 Nxh5 23. gxh5 Nf4 24. Bxf4 Qxf4+ 25. Kg2 g4 26. Ra3 Rxh5 27. hxg4 Rh2+ 0-1

[Event "13sen.WMH 2003 Senioren"]
[Site "Bad Zwischenahn(17.11.-29.11.2003)"]
[Date "2003.11.29"]
[Round "2.117"]
[White "Dziura, Dieter"]
[Black "Knab, Horst"]
[Result "1-0"]
[WhiteElo "1800"]
[BlackElo "1541"]
[PlyCount "61"]


1. e4 g6 2. d4 Bg7 3. Nf3 d6 4. h3 Nd7 5. c4 b6 6. Nc3 Bb7 7. Bd3 e6 8. O-O Ne7
9. Bg5 h6 10. Be3 O-O 11. Qd2 Kh7 12. Nh2 f5 13. f4 c5 14. Nf3 fxe4 15. Nxe4 d5
16. Neg5+ hxg5 17. Nxg5+ Kh8 18. Qf2 Bh6 19. Nxe6 Qe8 20. Qh4 Ng8 21. f5 Rxf5
22. Bxf5 gxf5 23. Bxh6 Qxe6 24. Bf8+ Nh6 25. Bxh6 Nf6 26. Bg5+ Nh7 27. Rae1 Qg6
28. Re7 Bc6 29. Rfe1 dxc4 30. R1e6 Qxe6 31. Qxh7# 1-0

[Event "13sen.WMH 2003 Senioren"]
[Site "Bad Zwischenahn(17.11.-29.11.2003)"]
[Date "2003.11.29"]
[Round "2.118"]
[White "Gestrich, Wolfgang,Prof.Dr."]
[Black "Michaelis, Ernst"]
[Result "1/2-1/2"]
[WhiteElo "1401"]
[BlackElo "1820"]
[PlyCount "141"]


1. c4 f5 2. Nf3 Nf6 3. g3 g6 4. Bg2 Bg7 5. d3 d6 6. O-O O-O 7. Nc3 Nc6 8. a3 e5
9. e4 h6 10. h3 g5 11. exf5 Bxf5 12. g4 Bd7 13. Nh2 Rb8 14. Nd5 Nd4 15. Be3 c6
16. Nxf6+ Qxf6 17. Bxd4 exd4 18. Qd2 c5 19. Rae1 Bc6 20. Be4 Rbe8 21. Bxc6 bxc6
22. Rxe8 Rxe8 23. Re1 Re5 24. Kg2 Qe7 25. Nf3 Rxe1 26. Qxe1 Qxe1 27. Nxe1 Kf7
28. a4 Ke6 29. b3 Be5 30. Nc2 Bf4 31. Kf3 a5 32. Ke4 d5+ 33. cxd5+ cxd5+ 34.
Kf3 Kd6 35. Ke2 Bc1 36. Kd1 Bb2 37. Ne1 Ke5 38. Nf3+ Kf4 39. Ke2 Bc3 40. Nh2
Ke5 41. Nf3+ Kd6 42. h4 gxh4 43. Nxh4 Ke5 44. f3 Bb2 45. Nf5 Bc1 46. Ne7 Kd6
47. Nc8+ Ke6 48. Na7 Bf4 49. Nb5 Kd7 50. Na3 Bc1 51. Nc2 Kc6 52. Ne1 Bg5 53.
Ng2 Bf6 54. Kd2 c4 55. Kc2 Bg7 56. Nf4 Be5 57. Ng6 Bd6 58. f4 Kc5 59. Ne5 Bxe5
60. fxe5 cxb3+ 61. Kxb3 Kc6 62. Kc2 Kd7 63. Kd2 Ke6 64. Ke2 Kxe5 65. Kf3 Kf6
66. Kf4 Kg6 67. Kg3 Kg5 68. Kf3 Kf6 69. Kf4 Ke6 70. Kg3 Kf6 71. Kf4 1/2-1/2

[Event "13sen.WMH 2003 Senioren"]
[Site "Bad Zwischenahn(17.11.-29.11.2003)"]
[Date "2003.11.29"]
[Round "2.119"]
[White "Wolffram, Gert"]
[Black "Heinemann, Klaus-Detlef"]
[Result "1-0"]
[WhiteElo "1794"]
[BlackElo "1415"]
[PlyCount "99"]


1. d4 Nf6 2. Nf3 e6 3. c4 c5 4. e3 d5 5. Nc3 Nc6 6. Be2 cxd4 7. exd4 Bd6 8. O-O
O-O 9. Bg5 h6 10. Bh4 Be7 11. a3 g5 12. Bg3 Nh5 13. c5 Kh8 14. b4 Bf6 15. b5
Nxg3 16. fxg3 Ne7 17. Qd3 Ng6 18. Rae1 Bg7 19. Bd1 Bd7 20. Bc2 f5 21. c6 bxc6
22. bxc6 Bxc6 23. Rxe6 Be8 24. Rfe1 Qd7 25. Ba4 Qf7 26. Bxe8 Raxe8 27. Qa6 Rxe6
28. Qxe6 g4 29. Qxf7 Rxf7 30. Ne5 Nxe5 31. dxe5 d4 32. e6 Re7 33. Nd5 Re8 34.
Nf4 Kh7 35. Kf1 Bf8 36. Re5 Bxa3 37. Rxf5 Re7 38. Rd5 Kg7 39. Rxd4 Kf6 40. Nd5+
Ke5 41. Nxe7 Kxd4 42. Nf5+ Kd5 43. e7 Bxe7 44. Nxe7+ Kc5 45. Ke2 a5 46. Kd2 a4
47. Kc3 Kd6 48. Nf5+ Ke5 49. Nxh6 Ke4 50. Nxg4 1-0

[Event "13sen.WMH 2003 Senioren"]
[Site "Bad Zwischenahn(17.11.-29.11.2003)"]
[Date "2003.11.29"]
[Round "2.120"]
[White "Till, Heinz"]
[Black "Spindler, Egbert"]
[Result "0-1"]
[WhiteElo "1363"]
[BlackElo "1771"]
[PlyCount "96"]


1. c4 e5 2. Nc3 Nc6 3. Nf3 Nf6 4. e4 d6 5. Be2 Bg4 6. O-O Be7 7. a3 O-O 8. b4
Bxf3 9. Bxf3 Nd4 10. Bb2 c6 11. Re1 h6 12. a4 Nh7 13. Na2 c5 14. Bxd4 cxd4 15.
Qc2 Qd7 16. Nc1 Rac8 17. Qd3 Rc7 18. h3 Ng5 19. Nb3 Nxf3+ 20. gxf3 Qxh3 21. Ra3
f5 22. Nc1 f4 23. Qf1 Qh5 24. Qd3 Qh3 25. Qf1 Qxf1+ 26. Kxf1 Rxc4 27. Nd3 Rfc8
28. Ke2 g5 29. Nb2 Rc2 30. Nd3 Kg7 31. Rb3 Kg6 32. Reb1 R8c3 33. R3b2 Rxb2 34.
Rxb2 Rc8 35. b5 Bd8 36. Nb4 h5 37. Rb1 g4 38. Rg1 Kg5 39. fxg4 hxg4 40. Kd3 Ba5
41. Nd5 Rh8 42. f3 g3 43. Ne3 dxe3 44. dxe3 Rh2 45. exf4+ exf4 46. Kc4 Ra2 47.
Re1 Rc2+ 48. Kd5 Bxe1 0-1

[Event "13sen.WMH 2003 Senioren"]
[Site "Bad Zwischenahn(17.11.-29.11.2003)"]
[Date "2003.11.29"]
[Round "2.122"]
[White "Mueller, Hartmut Dieter"]
[Black "Simon, Eberhard[30Berlin]"]
[Result "0-1"]
[WhiteElo "1425"]
[BlackElo "1773"]
[PlyCount "82"]


1. c4 Nf6 2. Nc3 e5 3. d4 exd4 4. Qxd4 Nc6 5. Qd1 Bc5 6. Bg5 Bxf2+ 7. Kd2 h6 8.
Nh3 Bc5 9. Bh4 Qe7 10. Bf2 Ng4 11. Ke1 Nxf2 12. Nxf2 Qh4 13. Nce4 Bb4+ 14. Nd2
d6 15. a3 Bc5 16. Nde4 Bd4 17. Qb3 O-O 18. g3 Qe7 19. e3 Bb6 20. Rd1 f5 21. Bh3
fxe4 22. Bxc8 Raxc8 23. c5+ Kh8 24. cxb6 axb6 25. Qc3 Rf3 26. Ng4 Qe6 27. Nf2
Rcf8 28. Rd2 R3f7 29. Re2 Ne5 30. Qc2 d5 31. b4 Qf5 32. Qa2 Qf3 33. Kd2 Nc4+
34. Kc1 Nxe3 35. Rhe1 Ng2 36. Rf1 e3 37. Rc2 exf2 38. Rcxf2 Qe3+ 39. Qd2 Rxf2
40. Rxf2 Rxf2 41. Qxe3 Nxe3 0-1

[Event "13sen.WMH 2003 Senioren"]
[Site "Bad Zwischenahn(17.11.-29.11.2003)"]
[Date "2003.11.29"]
[Round "2.123"]
[White "Haupt, Joachim"]
[Black "Buss, Richard"]
[Result "1-0"]
[WhiteElo "1755"]
[BlackElo "1404"]
[PlyCount "111"]


1. c4 e5 2. Nc3 Nf6 3. Nf3 d6 4. g3 b6 5. Bg2 Bb7 6. O-O g6 7. d4 exd4 8. Qxd4
Bg7 9. Qe3+ Qe7 10. Qxe7+ Kxe7 11. Bg5 h6 12. Bd2 Nbd7 13. Rfe1 Rhe8 14. b4 Kf8
15. Nb5 Re7 16. Nxc7 Rc8 17. Nb5 Ne4 18. Rac1 a6 19. Nc3 Nxd2 20. Nxd2 Bxg2 21.
Kxg2 Rce8 22. Kf1 f5 23. Nd5 Rf7 24. Nc7 Rc8 25. Nxa6 Ne5 26. b5 h5 27. Nb4 Bh6
28. f4 Nd7 29. Nd5 Ra8 30. Rc2 Bg7 31. Nf3 Kg8 32. Ng5 Rff8 33. Ne7+ Kh8 34.
Nxg6+ Kg8 35. Nxf8 Bxf8 36. Ne6 Nf6 37. h3 Kf7 38. Ng5+ Ke7 39. e4 fxe4 40.
Nxe4 Nxe4 41. Rxe4+ Kf7 42. Rce2 Ra7 43. g4 hxg4 44. hxg4 Re7 45. Kf2 Rxe4 46.
Rxe4 Bg7 47. Ke3 Bb2 48. Rd4 Ba3 49. Ke4 Bc5 50. Rd5 Ba3 51. Rh5 Kg6 52. Kd5
Kf6 53. Rh6+ Ke7 54. g5 Kf7 55. f5 Bc5 56. Rxd6 1-0

[Event "13sen.WMH 2003 Senioren"]
[Site "Bad Zwischenahn(17.11.-29.11.2003)"]
[Date "2003.11.29"]
[Round "2.124"]
[White "Samarian, Cornel"]
[Black "Assmann, Siegfried"]
[Result "0-1"]
[WhiteElo "1592"]
[BlackElo "1790"]
[PlyCount "155"]


1. Nf3 d5 2. d4 e6 3. e3 Bd6 4. Bd3 f5 5. O-O Nd7 6. Nc3 c6 7. a3 Qe7 8. Ne2
Ngf6 9. c4 Ne4 10. cxd5 exd5 11. Ng3 O-O 12. Bxe4 fxe4 13. Ne1 Nf6 14. f3 Bxg3
15. hxg3 exf3 16. gxf3 Bd7 17. Nd3 Be6 18. Bd2 Rfe8 19. Re1 Bf5 20. Ne5 Nd7 21.
e4 dxe4 22. fxe4 Be6 23. Nxd7 Qxd7 24. Bc3 Qf7 25. Qe2 Qg6 26. Qg2 Rad8 27. Re3
Bg4 28. Rae1 Rf8 29. d5 Rf7 30. dxc6 Qxc6 31. Qc2 Qe6 32. Qg2 Rdf8 33. Qd2 Bf3
34. Qd5 Re8 35. Rxf3 Rxf3 36. Qxe6+ Rxe6 37. Kg2 Rf7 38. e5 g5 39. Rd1 Kg7 40.
Rd4 h5 41. Ra4 a6 42. Rd4 Kg6 43. Rd8 Kh7 44. Rd1 Kg6 45. Rd2 Rc6 46. Rd5 Re6
47. Rd1 Rh7 48. Rf1 Rd7 49. Rf8 Rg7 50. Rh8 Rh7 51. Rf8 h4 52. Kh3 hxg3+ 53.
Kxg3 Kg7 54. Rd8 Kg6 55. Rg8+ Rg7 56. Rf8 Rf7 57. Rg8+ Kf5 58. Kf3 Rg6 59. Re8
g4+ 60. Kg3 Rh6 61. Kg2 Rg6 62. Kg3 b5 63. Rd8 Ke4 64. Rd4+ Ke3 65. Rxg4 Rxg4+
66. Kxg4 Ke4 67. Kg5 Kd5 68. Kg6 Ke6 69. Bb4 Rf2 70. Bc3 Rf3 71. Kg5 Rxc3 72.
bxc3 Kxe5 73. Kg4 Kd5 74. Kf4 Kc4 75. Ke5 Kxc3 76. Kd5 Kb3 77. Kc5 Kxa3 78. Kb6
0-1

[Event "13sen.WMH 2003 Senioren"]
[Site "Bad Zwischenahn(17.11.-29.11.2003)"]
[Date "2003.11.29"]
[Round "2.125"]
[White "Gensch, Manfred"]
[Black "Hippler, Hans-Werner"]
[Result "1/2-1/2"]
[WhiteElo "1761"]
[BlackElo "1456"]
[PlyCount "47"]


1. e4 c5 2. c3 d6 3. d4 cxd4 4. cxd4 Nf6 5. Nc3 e6 6. Nf3 Be7 7. Bd3 O-O 8. O-O
Bd7 9. Qc2 h6 10. e5 Nd5 11. Nxd5 exd5 12. Qb3 Bc6 13. Bb1 Nd7 14. Qd3 f5 15.
g4 dxe5 16. dxe5 Nc5 17. Qc2 Ne4 18. gxf5 Rxf5 19. Nd4 Rxe5 20. Bf4 Rh5 21. Ne6
Qb6 22. Kg2 Nf6 23. Kg3 Ne4+ 24. Kg2 1/2-1/2

[Event "13sen.WMH 2003 Senioren"]
[Site "Bad Zwischenahn(17.11.-29.11.2003)"]
[Date "2003.11.29"]
[Round "2.126"]
[White "Jakoby, Hans"]
[Black "Reimann, Wolfgang"]
[Result "1-0"]
[WhiteElo "1785"]
[BlackElo "1350"]
[PlyCount "83"]


1. d4 d5 2. c4 c6 3. Nf3 Bg4 4. Ne5 Bh5 5. Qb3 Qb6 6. Qh3 Nf6 7. Qc8+ Qd8 8.
Qxb7 Nbd7 9. Nxd7 Nxd7 10. Qxc6 dxc4 11. Nd2 e6 12. Qxc4 Be7 13. e3 O-O 14. Bd3
Rc8 15. Qb5 Nf6 16. O-O Qc7 17. Ne4 Nd5 18. Ng3 Rb8 19. Qc4 Bg6 20. Qxc7 Nxc7
21. Bxg6 fxg6 22. b3 Nb5 23. Bb2 Bf6 24. Rac1 Rfc8 25. Rxc8+ Rxc8 26. Rc1 Rxc1+
27. Bxc1 e5 28. dxe5 Bxe5 29. Ne4 Nc3 30. Nxc3 Bxc3 31. Kf1 Kf7 32. Ke2 g5 33.
g4 g6 34. Kd3 Be5 35. h3 h5 36. Kc4 Bc7 37. e4 Kf6 38. Kd5 Bb6 39. Bb2+ Kf7 40.
Bd4 Bxd4 41. Kxd4 Ke6 42. b4 1-0

[Event "13sen.WMH 2003 Senioren"]
[Site "Bad Zwischenahn(17.11.-29.11.2003)"]
[Date "2003.11.29"]
[Round "2.127"]
[White "Girod, Gudrun"]
[Black "Jakobsen, Henning"]
[Result "0-1"]
[WhiteElo "1398"]
[BlackElo "1634"]
[PlyCount "48"]


1. d4 f5 2. e3 e6 3. Nf3 Nf6 4. Bd3 b6 5. O-O Bb7 6. Nc3 Nc6 7. a3 Be7 8. Re1
O-O 9. e4 fxe4 10. Nxe4 Na5 11. b4 Nxe4 12. Bxe4 Bxe4 13. bxa5 Bxf3 14. gxf3
Bd6 15. f4 Bxf4 16. Bxf4 Rxf4 17. Re3 Qh4 18. Rf3 Raf8 19. Rxf4 Rxf4 20. f3
Rxd4 21. Qe2 Qg5+ 22. Kh1 Rd2 23. Rg1 Qxg1+ 24. Kxg1 Rxe2 0-1

[Event "13sen.WMH 2003 Senioren"]
[Site "Bad Zwischenahn(17.11.-29.11.2003)"]
[Date "2003.11.29"]
[Round "3"]
[White "Ahlberg, Guenter"]
[Black "Kerkhoff, Werner"]
[Result "1-0"]
[WhiteElo "1932"]
[BlackElo "1691"]
[PlyCount "41"]


1. e4 e6 2. d4 d5 3. Nc3 Nf6 4. Bg5 dxe4 5. Bxf6 Qxf6 6. Nxe4 Qd8 7. Nf3 Be7 8.
Bd3 Nd7 9. O-O O-O 10. Qe2 Nf6 11. Rad1 Bd7 12. Ne5 Qe8 13. Nxf6+ Bxf6 14. Qe4
g6 15. Qxb7 Qc8 16. Qf3 Bg7 17. b3 f6 18. Nxd7 Qxd7 19. Bc4 Kh8 20. Rfe1 Rfe8
21. Rxe6 1-0

[Event "13sen.WMH 2003 Senioren"]
[Site "Bad Zwischenahn(17.11.-29.11.2003)"]
[Date "2003.11.29"]
[Round "3"]
[White "Asmundsson, Ingvar"]
[Black "Winiwarter, Felix,Dr."]
[Result "1-0"]
[WhiteElo "2402"]
[BlackElo "2244"]
[PlyCount "47"]


1. e4 e5 2. Nf3 Nc6 3. d4 exd4 4. Nxd4 Nf6 5. Nxc6 bxc6 6. e5 Qe7 7. Qe2 Nd5 8.
c4 Nb6 9. Nc3 Bb7 10. Bf4 O-O-O 11. O-O-O g5 12. Bg3 h5 13. h4 g4 14. Kb1 Bg7
15. f4 Rhe8 16. Qc2 f6 17. Bd3 fxe5 18. Rhe1 Bf6 19. Qf2 Qg7 20. c5 Nd5 21.
Nxd5 cxd5 22. c6 dxc6 23. fxe5 Bxe5 24. Qf5+ 1-0

[Event "13sen.WMH 2003 Senioren"]
[Site "Bad Zwischenahn(17.11.-29.11.2003)"]
[Date "2003.11.29"]
[Round "3"]
[White "Assmann, Siegfried"]
[Black "Wallhof, Dieter"]
[Result "0-1"]
[WhiteElo "1790"]
[BlackElo "1986"]
[PlyCount "80"]


1. d4 Nf6 2. e3 g6 3. Bd3 Bg7 4. Nd2 O-O 5. c3 d6 6. f4 e5 7. Ngf3 Ng4 8. Nc4
e4 9. Bxe4 d5 10. Bxd5 Qxd5 11. Qe2 Re8 12. O-O b6 13. b3 Ba6 14. Nfe5 Nh6 15.
e4 Bxc4 16. bxc4 Qd6 17. a4 f6 18. Nf3 Nc6 19. e5 fxe5 20. fxe5 Qd7 21. Re1 Nf5
22. g4 Nfxd4 23. cxd4 Nxd4 24. Qe4 Nxf3+ 25. Qxf3 Qd4+ 26. Be3 Qxe5 27. Ra2
Rad8 28. Bf2 Qd6 29. Rae2 Rxe2 30. Qxe2 Bd4 31. Qe4 Bxf2+ 32. Kxf2 Qd4+ 33. Kg2
Qxe4+ 34. Rxe4 Kf7 35. g5 c5 36. Rf4+ Ke6 37. Kf3 Rd3+ 38. Kg4 Rd4 39. h4 Ke5
40. Rxd4 cxd4 0-1

[Event "13sen.WMH 2003 Senioren"]
[Site "Bad Zwischenahn(17.11.-29.11.2003)"]
[Date "2003.11.29"]
[Round "3"]
[White "Bakalarczyk, Wlodzimierz"]
[Black "Stiemerling, Karl-Heinz"]
[Result "1-0"]
[WhiteElo "1905"]
[BlackElo "1623"]
[PlyCount "87"]


1. d4 d5 2. c4 c6 3. Nc3 e6 4. e4 dxe4 5. Qc2 f5 6. Be3 Nf6 7. O-O-O Qa5 8. Kb1
Bb4 9. Be2 O-O 10. Bd2 e5 11. a3 Bxc3 12. Bxc3 Qc7 13. dxe5 Nfd7 14. f4 Nc5 15.
Nh3 h6 16. b4 Ne6 17. Rhg1 c5 18. g4 cxb4 19. Bxb4 Nc5 20. g5 Kh7 21. gxh6 gxh6
22. Rd6 Ne6 23. Rxe6 Bxe6 24. Bxf8 Qb6+ 25. Qb2 Qxb2+ 26. Kxb2 Nd7 27. Bd6 b6
28. Rg3 Rc8 29. Nf2 Bxc4 30. Bxc4 Rxc4 31. Rc3 Rxc3 32. Kxc3 Kg6 33. Kd4 b5 34.
Nd1 Kf7 35. Bc7 Ke6 36. Nc3 a6 37. Nd5 h5 38. Bd8 Nf8 39. Bc7 Nd7 40. Ba5 Nb8
41. Be1 Nc6+ 42. Kc5 Nb8 43. Nf6 Ke7 44. Kd5 1-0

[Event "13sen.WMH 2003 Senioren"]
[Site "Bad Zwischenahn(17.11.-29.11.2003)"]
[Date "2003.11.29"]
[Round "3"]
[White "Ballon, Guenther Jan"]
[Black "Kraidman, Yair"]
[Result "1/2-1/2"]
[WhiteElo "2156"]
[BlackElo "2297"]
[PlyCount "43"]


1. d4 d5 2. c4 c6 3. Nf3 Nf6 4. Qc2 g6 5. Bf4 Bg7 6. Nbd2 O-O 7. e3 Nbd7 8. h3
Re8 9. Be2 dxc4 10. Nxc4 Nb6 11. O-O Bf5 12. Qb3 Be6 13. Qc2 Bxc4 14. Bxc4 Nfd5
15. Be5 Nxc4 16. Qxc4 Nb6 17. Qb3 Qd5 18. Qxd5 cxd5 19. b3 Rec8 20. Rac1 Rxc1
21. Rxc1 Rc8 22. Rxc8+ 1/2-1/2

[Event "13sen.WMH 2003 Senioren"]
[Site "Bad Zwischenahn(17.11.-29.11.2003)"]
[Date "2003.11.29"]
[Round "3"]
[White "Baumgartner, Walter,Dr."]
[Black "Feldmann, Klaus[39Varel]"]
[Result "0-1"]
[WhiteElo "2046"]
[BlackElo "1829"]
[PlyCount "58"]


1. d4 d6 2. Nf3 c6 3. c4 Bg4 4. e4 Nf6 5. Nc3 Qa5 6. Bd3 Nbd7 7. O-O e5 8. d5
Be7 9. a3 a6 10. b4 Qc7 11. Be3 cxd5 12. Nxd5 Nxd5 13. cxd5 O-O 14. Rc1 Qd8 15.
Qb3 Bxf3 16. gxf3 Bg5 17. Be2 Bf4 18. Bxf4 exf4 19. Rc3 Rc8 20. Rfc1 Rxc3 21.
Qxc3 Ne5 22. Qc7 Qg5+ 23. Kh1 Qh5 24. Rg1 Nxf3 25. Rg2 Qh3 26. Qxd6 Nh4 27. Rg4
f3 28. Rg1 fxe2 29. Qf6 Qf3+ 0-1

[Event "13sen.WMH 2003 Senioren"]
[Site "Bad Zwischenahn(17.11.-29.11.2003)"]
[Date "2003.11.29"]
[Round "3"]
[White "Becker, Guenter[40Steinb]"]
[Black "Juergens, Peter"]
[Result "0-1"]
[WhiteElo "1669"]
[BlackElo "1835"]
[PlyCount "58"]


1. c4 Nf6 2. Nc3 e6 3. e4 c5 4. Nf3 Nc6 5. d4 cxd4 6. Nxd4 Bb4 7. Nxc6 dxc6 8.
Qxd8+ Kxd8 9. Bg5 h6 10. Bd2 e5 11. O-O-O Kc7 12. Be2 Bc5 13. f4 Bd4 14. Rhf1
Bd7 15. fxe5 Bxe5 16. Bf4 Rae8 17. Rd3 Bxf4+ 18. Rxf4 Re5 19. Rg3 Rg5 20. Rxg5
hxg5 21. Rf2 Be6 22. h3 Rh4 23. Bd3 Kd6 24. Kd2 Ke5 25. Ke3 g4 26. Rf4 Nh5 27.
Ne2 Nxf4 28. Nxf4 gxh3 29. gxh3 Rxf4 0-1

[Event "13sen.WMH 2003 Senioren"]
[Site "Bad Zwischenahn(17.11.-29.11.2003)"]
[Date "2003.11.29"]
[Round "3"]
[White "Bitzer, Dieter"]
[Black "Davydov, Mikhail"]
[Result "0-1"]
[WhiteElo "1735"]
[BlackElo "2010"]
[PlyCount "62"]


1. e4 d5 2. exd5 Qxd5 3. d4 Nf6 4. Nc3 Qa5 5. Nf3 Bf5 6. Bb5+ c6 7. Bd3 e6 8.
a3 Nbd7 9. b4 Bxb4 10. axb4 Qxa1 11. Bxf5 Qxc3+ 12. Bd2 Qb2 13. Bd3 Nd5 14. c3
Nxc3 15. Bxc3 Qxc3+ 16. Ke2 O-O 17. Qb1 Nf6 18. Rc1 Qa3 19. Rc2 a5 20. bxa5
Rxa5 21. Qxb7 Nd5 22. Ne1 c5 23. dxc5 Nf4+ 24. Kd2 Rxc5 25. Qb1 g6 26. Ra2 Qc3+
27. Kd1 Rd8 28. Rd2 Rcd5 29. g3 Nxd3 30. Nxd3 Rxd3 31. Rxd3 Qxd3+ 0-1

[Event "13sen.WMH 2003 Senioren"]
[Site "Bad Zwischenahn(17.11.-29.11.2003)"]
[Date "2003.11.29"]
[Round "3"]
[White "Boeven, Manfred"]
[Black "Giering, Gregor"]
[Result "1-0"]
[WhiteElo "2005"]
[BlackElo "1752"]
[PlyCount "90"]


1. d4 e6 2. Nc3 Nf6 3. Nf3 b6 4. e4 Bb7 5. Bd3 Bb4 6. Qe2 Be7 7. Bd2 d6 8.
O-O-O Nbd7 9. g4 h6 10. Rhg1 Nh7 11. Bf4 Ng5 12. Nxg5 Bxg5 13. Be3 Bxe3+ 14.
Qxe3 Qe7 15. Nb5 Nf6 16. f4 a6 17. Nc3 O-O-O 18. Qe2 a5 19. Rg3 e5 20. fxe5
dxe5 21. d5 Kb8 22. Ba6 Qc5 23. a3 Rhe8 24. Na4 Qe7 25. Rb3 Nd7 26. d6 cxd6 27.
Nxb6 Nc5 28. Qb5 Nxb3+ 29. cxb3 Qc7+ 30. Kb1 Ka7 31. Nd5 Bxd5 32. Qxd5 Kxa6 33.
Rc1 Qb7 34. Rc6+ Qxc6 35. Qxc6+ Ka7 36. Qc7+ Ka8 37. Qxa5+ Kb7 38. b4 Rd7 39.
Qd5+ Kc7 40. b5 Rb8 41. a4 Kc8 42. a5 Kd8 43. a6 Rb6 44. Qa8+ Ke7 45. a7 Rdb7
1-0

[Event "13sen.WMH 2003 Senioren"]
[Site "Bad Zwischenahn(17.11.-29.11.2003)"]
[Date "2003.11.29"]
[Round "3"]
[White "Bolduan, Albrecht"]
[Black "Bergmann, Hans-Dieter"]
[Result "1-0"]
[WhiteElo "1368"]
[BlackElo "1595"]
[PlyCount "99"]


1. d4 Nf6 2. e3 d6 3. c4 g6 4. g3 Bg7 5. Bg2 c6 6. Nf3 Qa5+ 7. Qd2 Qc7 8. Nc3
O-O 9. O-O Re8 10. b3 e5 11. Ng5 a6 12. Nge4 Ng4 13. Bh3 Nxe3 14. fxe3 Bxh3 15.
Rf2 f5 16. Ng5 exd4 17. exd4 Bh6 18. Ne2 Qb6 19. Qf4 Bg4 20. Nc3 Bxg5 21. Qxg5
Qxd4 22. Bb2 Qe3 23. Qf6 Nd7 24. Qxd6 Ne5 25. Ne4 Nf3+ 26. Kg2 Qxe4 27. h3 Ng5+
28. Kh2 Nxh3 29. Qf6 Re7 30. Qh8+ Kf7 31. Qg7+ Ke8 32. Qh8+ Kd7 33. Rd2+ Kc7
34. Qxa8 Re8 35. Qa7 Ng5 36. Rf1 Nf3+ 37. Rxf3 Bxf3 38. Bd4 c5 39. Qxc5+ Qc6
40. Be5+ Kc8 41. Qd4 Be4 42. Bf4 b6 43. b4 Qb7 44. a4 Bc6 45. b5 axb5 46. cxb5
Be4 47. Qc4+ Bc6 48. bxc6 Qe7 49. Qd4 Qa7 50. Qd7+ 1-0

[Event "13sen.WMH 2003 Senioren"]
[Site "Bad Zwischenahn(17.11.-29.11.2003)"]
[Date "2003.11.29"]
[Round "3"]
[White "Bomert, Egon"]
[Black "Lundberg, Gunnar"]
[Result "1/2-1/2"]
[WhiteElo "1942"]
[BlackElo "1874"]
[PlyCount "22"]


1. e4 e5 2. Nf3 Nc6 3. Bc4 Nf6 4. d3 Bc5 5. Bg5 h6 6. Bh4 d6 7. c3 Bg4 8. b4
Bb6 9. Qb3 Qe7 10. Nbd2 g5 11. Bg3 Nh5 1/2-1/2

[Event "13sen.WMH 2003 Senioren"]
[Site "Bad Zwischenahn(17.11.-29.11.2003)"]
[Date "2003.11.29"]
[Round "3"]
[White "Bromberger, Guenter"]
[Black "Aigner, Georg"]
[Result "0-1"]
[WhiteElo "1413"]
[BlackElo "1806"]
[PlyCount "82"]


1. d4 d5 2. c4 c6 3. Nc3 Nf6 4. c5 Nbd7 5. Nf3 e6 6. Bg5 Be7 7. e3 h6 8. Bf4
Nh5 9. Ne5 Nxf4 10. exf4 O-O 11. Bd3 Nxe5 12. fxe5 f6 13. Qe2 fxe5 14. Qxe5 Bf6
15. Qh5 Bxd4 16. O-O Qf6 17. Qg6 Qxg6 18. Bxg6 Bxc5 19. a3 e5 20. Bh5 e4 21.
Rae1 b6 22. b4 Bd4 23. Ne2 Bb2 24. a4 Ba6 25. Rb1 Be5 26. b5 Bb7 27. f4 Bd6 28.
g3 c5 29. Kg2 d4 30. Rfd1 d3 31. Nc3 c4 32. Bg4 g5 33. Be6+ Kg7 34. f5 Be5 35.
Nd5 Rad8 36. Ne3 c3 37. Rb3 c2 38. Nxc2 dxc2 39. Rc1 Rd2+ 40. Kh3 Rfd8 41. Ra3
Bb2 0-1

[Event "13sen.WMH 2003 Senioren"]
[Site "Bad Zwischenahn(17.11.-29.11.2003)"]
[Date "2003.11.29"]
[Round "3"]
[White "Buss, Richard"]
[Black "Budde, Reinhard"]
[Result "0-1"]
[WhiteElo "1404"]
[BlackElo "1575"]
[PlyCount "148"]


1. e4 c5 2. Nf3 d6 3. d4 cxd4 4. Nxd4 Nf6 5. Bd3 a6 6. O-O Nbd7 7. c3 e6 8. Re1
Be7 9. Bg5 O-O 10. Nd2 Qc7 11. Qc2 h6 12. Bh4 Ne5 13. Be2 b5 14. b3 Bb7 15. f3
Rac8 16. Rac1 Qb6 17. Bf2 Qd8 18. Nf1 Ng6 19. Ng3 d5 20. Red1 Qa5 21. Be1 Qb6
22. Kh1 Ba3 23. Rb1 Bc5 24. Qb2 Nf4 25. Bf1 dxe4 26. fxe4 Nxe4 27. Nxe4 Bxe4
28. Rbc1 Qb7 29. b4 Be7 30. Bg3 Nd5 31. Re1 Nf6 32. Qe2 Bd5 33. a3 Ne4 34. Qb2
Bg5 35. Rc2 Nxg3+ 36. hxg3 Qc7 37. Kh2 Bc4 38. Be2 Bh4 39. Kg1 Qxg3 40. Rf1
Qe3+ 41. Kh1 Bxe2 42. Nxe2 Bf6 43. Rf3 Qg5 44. Kg1 Qh4 45. g3 Qe4 46. Kf2 Rcd8
47. Rd2 Rxd2 48. Qxd2 Rd8 49. Qe1 Qc2 50. Kg2 Rd2 51. Re3 Bxc3 52. Kf3 Bf6 53.
g4 Qc6+ 54. Kg3 Qd6+ 55. Kh3 Rd1 56. Qf2 Rh1+ 57. Kg2 Qh2+ 58. Kf3 Qd6 59. Ng3
Bh4 60. Kg2 Rd1 61. Kh3 g5 62. Qf6 Qf8 63. Ne4 Rd8 64. Rf3 Be1 65. Nc5 Bd2 66.
Nxa6 Bf4 67. Nc5 Rd2 68. Rxf4 gxf4 69. Qxf4 Rd8 70. Qf1 Qd6 71. Qxb5 Qd2 72.
Qf1 Qe3+ 73. Kg2 Rd2+ 74. Kh1 Qg3 0-1